00328cam a22000977a 4500008003600000082001100036100003300047245006600080260007500146300000900221180718b xxu||||| |||| 00| 0 eng d aP11x54 aIndia. Ministry of Education aHead Masters on Secondary Educationcby Ministry of Education aNew DelhibMinistry of EducationPresident's Press Rashtrapati Bhawanc a40p.